004170000a220010900045001000025000002450076000253000062001017730029001639420008001929520090002009990017002901 aLauderbaugh, Darlene10aProfile of an expatriate woman : LAM women touching lives in Costa Rica aVol. 78, Num 4 (Octubre-Diciembre, 1998), Páginas 18-190 tLatin America Evangelist cANA 001040708HEMaFUSBCbFUSBCd2016-01-26l0o r2016-01-26 00:00:00w2016-01-26yANA c55157d55157